Land water and development (Record no. 80599)

MARC details
000 -LEADER
fixed length control field 01470nam a2200265 a 4500
008 - FIXED-LENGTH DATA ELEMENTS--GENERAL INFORMATION
fixed length control field 120416s1992 ||||||||||||||||| || u
020 ## - INTERNATIONAL STANDARD BOOK NUMBER
International Standard Book Number 0415080312
050 ## - LIBRARY OF CONGRESS CALL NUMBER
Classification number TC 409 New
100 ## - MAIN ENTRY--PERSONAL NAME
Personal name Newson, Malcolm
245 10 - TITLE STATEMENT
Title Land water and development
246 ## -
-- river basin systems and their sustainable management
260 ## - PUBLICATION, DISTRIBUTION, ETC.
Place of publication, distribution, etc. London
Name of publisher, distributor, etc. Routledge
Date of publication, distribution, etc. 1992.
300 ## - PHYSICAL DESCRIPTION
Extent xxxi, 351p. : ill.
350 ## -
-- 0.00
490 ## -
-- Routledge natural environment--problems and management series
500 ## - GENERAL NOTE
General note Bibliography.
650 ## - SUBJECT ADDED ENTRY--TOPICAL TERM
Topical term or geographic name entry element WATER RESOURCES DEVELOPMENT--ACCOUNTING
650 ## - SUBJECT ADDED ENTRY--TOPICAL TERM
Topical term or geographic name entry element WATERSHED MANAGEMENT
650 ## - SUBJECT ADDED ENTRY--TOPICAL TERM
Topical term or geographic name entry element RIVER ENGINEERING
995 ## -
-- MAIN LIBRARY OPEN ACCESS
-- 0.00
-- 729923
-- CBU-MAIN LIBRARY (Kitwe)
-- 1
-- 14.50
-- TC 409 New
-- 1
-- AVAILABLE
-- Jul 20, 2006
-- 023826
-- Main Library Open Access Collection
995 ## -
-- ANNEX COLLECTION (Main Library)
-- 0.00
-- 730631
-- CBU-MAIN LIBRARY (Kitwe)
-- 4
-- 14.50
-- TC 409 New
-- 4
-- AVAILABLE
-- 027457
-- Annex Low-Usage Collection
995 ## -
-- MAIN LIBRARY OPEN ACCESS
-- 0.00
-- 730697
-- CBU-MAIN LIBRARY (Kitwe)
-- 5
-- 14.50
-- TC 409 New
-- 5
-- AVAILABLE
-- 027594
-- Main Library Open Access Collection
995 ## -
-- ANNEX COLLECTION (Main Library)
-- 0.00
-- 729924
-- CBU-MAIN LIBRARY (Kitwe)
-- 3
-- 14.50
-- TC 409 New
-- AVAILABLE
-- 023809
-- Annex Low-Usage Collection
995 ## -
-- ANNEX COLLECTION (Main Library)
-- 0.00
-- 730632
-- CBU-MAIN LIBRARY (Kitwe)
-- 2
-- 14.50
-- TC 409 New
-- 2
-- AVAILABLE
-- Jul 20, 2006
-- 027456
-- Annex Low-Usage Collection
999 ## -
-- 80599
-- 80599
Holdings
Withdrawn status Lost status Source of classification or shelving scheme Damaged status Not for loan Permanent Location Current Location Shelving location Date acquired Total Checkouts Full call number Barcode Date last seen Copy number Price effective from Koha item type
          CBU-MAIN LIBRARY, KITWE. CBU-MAIN LIBRARY, KITWE.   06/30/2023   TC 409 New 023826 06/30/2023 1 06/30/2023 MONOGRAPH
Withdrawn         CBU-MAIN LIBRARY, KITWE. CBU-MAIN LIBRARY, KITWE.   06/30/2023   TC 409 New 027457 06/30/2023 2 06/30/2023 MONOGRAPH
          CBU-MAIN LIBRARY, KITWE. CBU-MAIN LIBRARY, KITWE.   06/30/2023   TC 409 New 027594 06/30/2023 3 06/30/2023 MONOGRAPH
          CBU-MAIN LIBRARY, KITWE. CBU-MAIN LIBRARY, KITWE.   06/30/2023   TC 409 New 023809 06/30/2023 4 06/30/2023 MONOGRAPH
          CBU-MAIN LIBRARY, KITWE. CBU-MAIN LIBRARY, KITWE.   06/30/2023   TC 409 New 027456 06/30/2023 5 06/30/2023 MONOGRAPH